000 01097nmc a2200385 a 4500
003 AR-BaBNM
005 20251128210357.0
008 030020s1998 ||||||||||||||000 | spa||
020 _a950-9293-96-2
040 _cAR-BaBNM
100 1 _aKeylor, William R.
245 1 0 _aEl mundo del siglo XX
_bla guerra fría entre las superpotencias. 2
260 _aBuenos Aires
_bDocencia
_bFundación Universidad a Distancia Hernandarias
_c1998
300 _a322 p.
_bmapas
490 0 _aUniversitas
_vv. 426
500 _aGlosario p. 283-289
504 _aBibliografía para consultar correspondiente a los dos tomos p. 291-322
650 4 _aSIGLO VEINTE
650 4 _aGUERRA FRIA
650 4 _aCONFLICTO INTERNACIONAL
650 4 _aHISTORIA ECONOMICA
650 4 _aGUERRA
650 4 _aREVOLUCION
650 4 _aCOMUNISMO
650 4 _aREVOLUCION
650 4 _aDISTURBIOS CIVILES
650 4 _aGUERRA CIVIL
650 4 _aMOVIMIENTOS REVOLUCIONARIOS
651 4 _aURSS
651 4 _aEstados Unidos
651 4 _aChina
651 4 _aCOREA
942 _cBK
998 _cMariana
999 _c15213
_d15213